000 00200 a2200097 4500
001 20511
100 _aZherebtsov, I
245 _aelectronics
260 _a
_bMir Publishers
_c
090 _c14908
_d14908
942 _aNUST-CAE
_cM
_c5456
999 _c255584
_d255584